عرض عادي عرض مارك
  • Bruns, David E.,

مدخل إسم شخص

عدد التسجيلات المستخدمة في: 1

001 - رقم الضبط

  • حقل الضبط: 36167

003 - معرف رقم الضبط

  • حقل الضبط: OSt

005 - تاريخ ووقت أخر عملية

  • حقل الضبط: 20130625124142.0

008 - عناصر بيانات ثابتة الطول

  • حقل تحكم ثابت الطول: 130625|||a|||||| | ||| d

040 ## - مصدر الفهرسة

  • هيئة الفهرسة الأصلية: OSt
  • وكالة الكتابة: OSt

100 ## - مدخل -- أسم شخص

  • إسم شخص: Bruns, David E.,
  • تواريخ مرتبطة بالاسم: 1941-

670 ## - بيانات المصدر موجوده

  • الاستشهاد بالمصدر: Work cat.: (OSt)0: Tietz textbook of clinical chemistry and molecular diagnostics /, c2013.